00421pab a2200145 454500008004000000100001900040245009000059260000900149300001700158362000800175650003100183650001500214700001700229773002900246180718b2013 xxu||||| |||| 00| 0 eng d aMertens, Karel aThe dynamic effects of personal and corporate income tax changes in the United States c2013 ap.1212-1247. aJun aIncome tax - United States aIncome tax aRavn, Morten aAmerican Economic Review